Информационный бюллетень (Бичлэгийн дугаар. 1155231)
[ энгийн харах ]
| 000 -Удирдлага | |
|---|---|
| Ном зүйн бүртгэл тоо буюу кодлох утгыг агуулсан | 02016nam a22002657a 4500 |
| 003 - ХЯНАЛТЫН ТОО ТОДОРХОЙЛОГЧ | |
| Код | MN-UlNLM |
| 005 - ХАМГИЙН СҮҮЛИЙН ҮЕИЙН ХЭЛЦЛИЙН ОГНОО БА ЦАГ | |
| Тухайн бичилтийг бичсэн засварласан сүүлийн огноо. | 20250128114011.0 |
| 008 - ЕРӨНХИЙ МЭДЭЭЛЭЛ-ЭЛЕМЕНТҮҮДИЙН ӨГӨГДЛИЙН УРТ | |
| fixed length control field | 250128s1988rur ||||| |||| 00| 0 rus d |
| 040 ## - ЭХ СУРВАЛЖИЙГ ТОДОРХОЙЛОН БИЧИХ | |
| Анхны каталогийн байгууллага | UB01000001 |
| Каталогийн хэл | Монгол |
| Бичлэг хийж нэвтрүүлэх байгууллага | MN-UlNLM |
| Өөрчлүүлэх байгууллага | MN-UlNLM |
| Бичиглэлийн тодорхойлолт | rda |
| 041 ## - ХЭЛНИЙ КОД | |
| Текстийн хэлний код/фонограм буюу салангид гарчиг | Монгол |
| 043 ## - GEOGRAPHIC AREA CODE | |
| Geographic area code | e-ur--- |
| 084 ## - БУСАД АНГИЛЛЫН ДУГААР | |
| Ангиллын нэр | Аравтын ангилал |
| Анги | М-77 |
| Зохиогчийн 3-н тэмдэгт | ЗАХН |
| Шинжлэх ухааны мэдлэгийн салбар | Урлаг - 85 |
| 110 ## - ДЭЭД ГАРЧГИЙН МЭДЭЭ | |
| Эрхлэн гаргасан байгууллагын нэр | Центральный комитет монгольской народно-революционной партий |
| 245 0# - ҮНДСЭН ГАРЧИГ | |
| Гарчиг | Информационный бюллетень |
| 264 ## - ГАРАЛТЫН МЭДЭЭ | |
| Хэвлэгдсэн газар | Улаанбаатар |
| Хэвлэгдсэн он | 1988 |
| 300 ## - ТООНЫ МЭДЭЭ | |
| Хуудасны тоо | 139 хуудастай |
| Хэмжээ | 22 см |
| 490 1# - БОТИЙН/ЦУВРАЛЫН ТУХАЙ МЭДЭЭ | |
| Цувралын дугаар | 6(139) |
| 505 ## - FORMATTED CONTENTS NOTE | |
| Title | Новые задачи по совершенствованию организацион-но-партийной и идеологической работы». Доклад Генераль-ного секретаря ЦК МНРП, Председателя Президиума Великого Народного Хурала МНР товарища Ж. Батмунха--<br/>Новогоднее поздравление монгольскому народу Генеральному секретарю Центрального Комитета-- |
| 520 ## - ХУРААНГУЙ МЭДЭЭ, ТОВЧ АГУУЛГА | |
| Эмхэтгэл, г.м | 21-22 декабря 1988 года состоялся очередной Ѵ Пленум Центрального Комитета Монгольской народно-революционной партии, Пленум заслушал и обсудил доклад Генерального сек<br/>ретаря ЦК МНРП, Председателя Президиума Великого Народного Хурала МНР товарища Ж. Батмунха «Новые задачи по совершенствованию организационно-партийной и идеологической работы». |
| 546 ## - ХЭЛНИЙ ТУХАЙ МЭДЭЭ | |
| Хэл | rus |
| 650 ## - Сэдэв | |
| Сэдэв | Урлаг шинжлэх ухаан |
| 880 0# - ALTERNATE GRAPHIC REPRESENTATION | |
| Linkage | 245-01(N |
| a | informatsionni bylly |
| 880 0# - ALTERNATE GRAPHIC REPRESENTATION | |
| Linkage | 264-02(N |
| 880 0# - ALTERNATE GRAPHIC REPRESENTATION | |
| Linkage | 490-03(N |
| a | 6(139) |
| Буцаан татагдсан төлөв | Хасагдсан шалтгаан | Гэмтсэн төлөв | Данс заагч | Захиалах боломжгүй | Үндсэн номын сан | Одоогийн байршил | Салбар танхим | Салбар танхим | Бүртгэсэн огноо | Бүрдүүлэлтийн эх үүсвэр | Тавиурын заалт | Баркод | Үнэ | Хамгийн сүүлд байсан огноо | Нийт уншлаганд гарсан тоо | Төрөл |
|---|---|---|---|---|---|---|---|---|---|---|---|---|---|---|---|---|
| МУҮндэсний Номын сан | МУҮндэсний Номын сан | МУҮНС төв | Монгол судлал фонд | МУҮНС төв | Монгол судлал фонд | 2025-01-28 | Солилцоо | М-77 ЗАХН | 002220004747 | 11.77 | 2025-01-28 | Ном |